Area de ciències socials: currículum educació secundària obligatòria

שמור ב:
מידע ביבליוגרפי
פורמט: ספר
שפה:קטלאנית
יצא לאור: Barcelona Department d'Ensenyament 1993
נושאים:
תגים: הוספת תג
אין תגיות, היה/י הראשונ/ה לתייג את הרשומה!

MARC

LEADER 00000nam a2200000 a 4500
001 UCP8224
003 CL-VaPUC
008 000114e19930000SP |||||||||||||||||cat|d
082 0 4 |a 373.198  |b ARE  |2 21 
245 1 0 |a Area de ciències socials: currículum educació secundària obligatòria 
300 |a 170 p 
942 |c BK 
945 |d 20000114 00:00:00  |a crobeson 
260 |a Barcelona  |b Department d'Ensenyament  |c 1993 
650 0 |a Enseñanza de las ciencias sociales  |9 337823 
650 0 |a Planificación del currículo  |9 269599 
583 |a last modification  |c 20170727 04:12:42  |k Rodrigo Vera 
999 |c 285158  |d 285156 
952 |0 0  |1 0  |4 0  |6 373_198000000000000_ARE_1993  |7 0  |8 A  |9 329546  |a BIBHIS  |b BIBHIS  |d 2019-11-20  |i 1390988  |o 373.198 ARE 1993  |p 1390988  |r 2025-01-20  |w 2019-11-20  |y BK  |k HIS